[Event "SVK Extraliga 2019-20"]
[Site "Slovakia"]
[Date "2020.01.18"]
[Round "5.2"]
[White "Nemeth, Miklos"]
[Black "Bochnicka, Vladimir"]
[Result "1-0"]
[WhiteElo "2500"]
[BlackElo "2094"]
[Annotator "ChessBase"]
[PlyCount "125"]
[EventDate "2019.10.19"]
[EventType "team-tourn"]
[EventCountry "SVK"]
[SourceTitle "playchess.com"]
[Source "ChessBase"]
[SourceQuality "1"]
[WhiteTeam "Streda"]
[BlackTeam "Bratislava"]
[TimeControl "40/5400+30:1800+30"]

1. e4 {[%emt 0:00:00]} c5 {[%emt 0:00:00]} 2. Nf3 {[%emt 0:00:00]} Nc6 {[%emt 0:00:00]} 3. d4 {[%emt 0:00:00]} cxd4 {[%emt 0:00:00]} 4. Nxd4 {[%emt 0:00:02]} Nf6 {[%emt 0:00:00]} 5. Nc3 {[%emt 0:00:13]} e5 {[%emt 0:00:02]} 6. Ndb5 {[%emt 0:00:08]} d6 {[%emt 0:00:08]} 7. Bg5 {[%emt 0:00:07]} a6 {[%emt 0:00:07]} 8. Na3 {[%emt 0:00:04]} b5 {[%emt 0:00:08]} 9. Bxf6 {[%emt 0:00:07]} gxf6 {[%emt 0:00:05]} 10. Nd5 {[%emt 0:00:06]} f5 {[%emt 0:00:32]} 11. g3 {[%emt 0:00:06]} fxe4 {[%emt 0:00:11]} 12. Bg2 {[%emt 0:00:07]} Be6 {[%emt 0:01:18]} 13. Bxe4 {[%emt 0:00:11]} Bg7 {[%emt 0:00:19]} 14. Qh5 {[%emt 0:00:51]} Rc8 {[%emt 0:00:43]} 15. Rd1 {[%emt 0:01:14]} Ne7 {[%emt 0:01:17]} 16. Nxe7 {[%emt 0:00:16]} Qxe7 {[%emt 0:00:10]} 17. O-O {[%emt 0:03:59]} b4 {[%emt 0:00:27]} 18. Nb1 {[%emt 0:00:58]} h6 {[%emt 0:01:29]} 19. a3 {[%emt 0:08:04]} a5 {[%emt 0:00:41]} 20. axb4 {[%emt 0:05:44]} axb4 {[%emt 0:00:09]} 21. c3 {[%emt 0:00:09]} Qd7 {[%emt 0:02:11]} 22. Rd2 {[%emt 0:08:10]} O-O {[%emt 0:04:02]} 23. Bd5 {[%emt 0:11:31]} Rc5 {[%emt 0:10:07]} 24. Qd1 {[%emt 0:04:00]} Bg4 {[%emt 0:12:27]} 25. Qb3 {[%emt 0:07:15]} e4 {[%emt 0:14:26]} 26. Bxe4 {[%emt 0:05:51]} Re5 {[%emt 0:01:11]} 27. Qxb4 {[%emt 0:03:34]} Rfe8 {[%emt 0:00:50]} 28. Bc6 {[%emt 0:08:42]} Qxc6 {[%emt 0:03:24]} 29. Qxg4 {[%emt 0:00:12]} Re1 {[%emt 0:12:27]} 30. Rd1 {[%emt 0:00:19]} R1e2 {[%emt 0:00:10]} 31. Nd2 {[%emt 0:00:43]} Qb5 {[%emt 0:01:15]} 32. b3 {[%emt 0:08:02]} d5 {[%emt 0:05:21]} 33. Qf3 {[%emt 0:05:27]} Qc5 {[%emt 0:02:56]} 34. Nb1 {[%emt 0:01:08]} d4 {[%emt 0:01:37]} 35. b4 {[%emt 0:04:33]} Qb6 {[%emt 0:00:58]} 36. cxd4 {[%emt 0:00:07]} Qxb4 {[%emt 0:03:18]} 37. Nc3 {[%emt 0:00:46]} Rc2 {[%emt 0:03:01]} 38. Nd5 {[%emt 0:00:38]} Qd6 {[%emt 0:03:00]} 39. Ne3 {[%emt 0:00:19]} Rc3 {[%emt 0:00:51]} 40. Qg4 {[%emt 0:00:21]} Qg6 {[%emt 0:00:47]} 41. Qxg6 {[%emt 0:30:24]} fxg6 {[%emt 0:30:01]} 42. d5 {[%emt 0:00:21]} h5 {[%emt 0:01:11]} 43. d6 {[%emt 0:02:15]} Kf7 {[%emt 0:01:54]} 44. Rfe1 {[%emt 0:03:47]} Rd8 {[%emt 0:00:55]} 45. Nd5 {[%emt 0:01:46]} Rc6 {[%emt 0:01:57]} 46. Re7+ {[%emt 0:00:12]} Kf8 {[%emt 0:00:08]} 47. Nf4 {[%emt 0:03:03]} Rcxd6 {[%emt 0:00:25]} 48. Rxd6 {[%emt 0:00:05]} Rxd6 {[%emt 0:00:18]} 49. Re6 {[%emt 0:00:09]} Rxe6 {[%emt 0:01:07]} 50. Nxe6+ {[%emt 0:00:07]} Kf7 {[%emt 0:00:04]} 51. Nxg7 {[%emt 0:00:07]} Kxg7 {[%emt 0:00:05]} 52. f3 {[%emt 0:08:27]} Kf6 {[%emt 0:01:14]} 53. Kf2 {[%emt 0:00:21]} Kf5 {[%emt 0:01:58]} 54. Ke3 {[%emt 0:00:24]} Ke5 {[%emt 0:02:40]} 55. Kd3 {[%emt 0:00:00]} Kd5 {[%emt 0:00:00]} 56. h4 {[%emt 0:00:00]} Ke5 {[%emt 0:00:00]} 57. Ke3 {[%emt 0:00:00]} Kf5 {[%emt 0:00:00]} 58. Kd4 {[%emt 0:00:00]} Kf6 {[%emt 0:00:00]} 59. Kd5 {[%emt 0:00:00]} Kf5 {[%emt 0:00:00]} 60. Kd6 {[%emt 0:00:00]} Kf6 {[%emt 0:00:00]} 61. g4 {[%emt 0:00:00]} hxg4 {[%emt 0:00:00]} 62. fxg4 {[%emt 0:00:00]} Kf7 {[%emt 0:00:00]} 63. g5 {[%emt 0:00:00]} 1-0

[Event "SVK Extraliga 2019-20"]
[Site "Slovakia"]
[Date "2020.01.18"]
[Round "5.2"]
[White "Pechac, Jergus"]
[Black "Plat, Vojtech"]
[Result "1-0"]
[WhiteElo "2487"]
[BlackElo "2589"]
[Annotator "TA"]
[PlyCount "93"]
[EventDate "2019.10.19"]
[EventType "team-tourn"]
[EventCountry "SVK"]
[SourceTitle "playchess.com"]
[Source "ChessBase"]
[SourceQuality "1"]
[WhiteTeam "Zilina"]
[BlackTeam "Dubnica"]

{[%evp 9,93,34,45,45,52,45,54,43,53,54,46,38,59,51,67,51,52,52,60,52,116,114,129,122,127,119,136,135,125,120,120,119,224,227,229,191,195,154,176,136,192,147,176,161,176,166,216,256,235,239,352,347,337,350,539,497,541,544,573,574,529,571,564,554,543,545,742,743,1015,997,980,952,833,634,613,591,727,664,29987,29988,29989,29990,29990,29989,29989,29990]} 1. d4 d6 2. Nf3 Bg4 3. g3 Bxf3 4. exf3 Nf6 5. Bg2 g6 6. O-O {A41: 1 d4 d6: Tartakower System and Modern Defence.} Bg7 7. f4 c6 8. c4 {White is slightly better.} d5 9. b3 O-O 10. Bb2 Nbd7 {[#]} 11. Nd2 $146 {[%cal Bb1d2,Bd2f3,Bf3e5][%mdl 32]} ({Predecessor:} 11. Nc3 e6 12. Qd3 Re8 13. Rfd1 Bf8 14. c5 Bh6 15. b4 Nh5 16. Bc1 f5 17. b5 {1-0 (51) Neumann,J (2093)-Fleischer,M (1926) Buesum 2017}) 11... Re8 12. Re1 a5 13. Nf3 a4 14. Ne5 dxc4 ({Black should play} 14... e6 $14) 15. bxc4 $16 Nb6 16. Rb1 Nfd7 17. Qe2 e6 18. h4 Qc7 19. h5 a3 20. Ba1 Bxe5 (20... Nxe5 $16 {was called for.} 21. fxe5 (21. dxe5 Bf8 $14) 21... Ra4) 21. fxe5 $18 Ra4 22. Rbc1 Qd8 23. f4 Qe7 24. Kh2 Qf8 (24... Rb4 $16 {keeps fighting.} 25. hxg6 fxg6) 25. Rh1 Rb4 26. Bf3 Ra8 27. hxg6 hxg6 {[#]} 28. d5 $1 {[%mdl 512]} Qc5 {[#]} (28... cxd5 29. cxd5) 29. Rhd1 $1 Kg7 (29... Qe7 $142 30. dxc6 bxc6 31. Bxc6 Rd8) 30. dxe6 fxe6 31. Rd6 Rb2 (31... Nf8 {was necessary.} 32. Bd4 Qa5) 32. Bxb2 axb2 33. Qxb2 Qe3 34. Rc3 Qe1 {( -> ...Rh8+)} 35. Rd1 Rxa2 36. Qxa2 Qxc3 37. Bg2 g5 38. Qe2 gxf4 39. gxf4 Kf8 40. Rd6 Ke7 41. Bh3 Nxc4 42. Rxe6+ Kf8 43. Rg6 Ndb6 44. Qg4 {White mates.} Qd2+ 45. Bg2 Ke7 46. Rg7+ Kd8 47. Qh4+ {Accuracy: White = 92%, Black = 61%.} 1-0

[Event "SVK Extraliga 2019-20"]
[Site "Slovakia"]
[Date "2020.01.18"]
[Round "5.2"]
[White "Smolen, Jan"]
[Black "Michalik, Peter"]
[Result "1/2-1/2"]
[WhiteElo "2422"]
[BlackElo "2595"]
[Annotator "RC"]
[PlyCount "55"]
[EventDate "2019.10.19"]
[EventType "team-tourn"]
[EventCountry "SVK"]
[SourceTitle "playchess.com"]
[Source "ChessBase"]
[SourceQuality "1"]
[WhiteTeam "Dunajov"]
[BlackTeam "Modra"]
[WhiteTeamCountry "SVK"]
[BlackTeamCountry "CZE"]
[TimeControl "40/5400+30:1800+30"]

1. e4 {[%emt 0:00:00]} e5 {[%emt 0:00:00]} 2. Nf3 {[%emt 0:00:00]} Nc6 {[%emt 0:00:00]} 3. Nc3 {[%emt 0:00:00]} Nf6 {[%emt 0:00:00]} 4. d4 {[%emt 0:00:00]} exd4 {[%emt 0:00:00]} 5. Nxd4 {[%emt 0:00:00]} Bb4 {[%emt 0:00:04]} 6. Nxc6 {[%emt 0:00:00]} bxc6 {[%emt 0:00:06]} 7. Bd3 {[%emt 0:00:00]} d5 {[%emt 0:00:12]} 8. exd5 {[%emt 0:00:00]} O-O {[%emt 0:00:12]} 9. O-O {[%emt 0:00:00]} Bg4 {[%emt 0:00:07]} 10. Be2 {[%emt 0:03:45]} Bxe2 {[%emt 0:00:19]} 11. Qxe2 {[%emt 0:00:47]} cxd5 {[%emt 0:02:17]} 12. Qf3 {[%emt 0:01:03]} Qd7 {[%emt 0:05:40]} 13. Bf4 {[%emt 0:02:58]} c6 {[%emt 0:01:21]} 14. Ne2 {[%emt 0:02:34]} Rfe8 {[%emt 0:07:46]} 15. Rfd1 {[%emt 0:02:28]} Bc5 {[%emt 0:02:34]} 16. h3 {[%emt 0:12:31]} Qb7 {[%emt 0:03:59]} 17. b3 {[%emt 0:03:00]} Qb6 {[%emt 0:04:04]} 18. Nc3 {[%emt 0:13:12]} Ne4 {[%emt 0:01:02]} 19. Nxe4 {[%emt 0:00:29]} Rxe4 {[%emt 0:00:25]} 20. c4 {[%emt 0:03:29]} Bxf2+ {[%emt 0:00:58]} 21. Qxf2 {[%emt 0:00:05]} Qxf2+ {[%emt 0:00:36]} 22. Kxf2 {[%emt 0:00:08]} Rxf4+ {[%emt 0:00:02]} 23. Kg3 {[%emt 0:01:56]} Rf5 {[%emt 0:00:12]} 24. cxd5 {[%emt 0:00:08]} cxd5 {[%emt 0:01:42]} 25. Rac1 {[%emt 0:01:24]} h6 {[%emt 0:28:45]} 26. Rc7 {[%emt 0:01:22]} Re8 {[%emt 0:00:18]} 27. Rd2 {[%emt 0:00:33]} a6 {[%emt 0:15:07]} 28. Rd7 {[%emt 0:06:25]} 1/2-1/2

[Event "SVK Extraliga 2019-20"]
[Site "Slovakia"]
[Date "2020.01.18"]
[Round "5.3"]
[White "Ftacnik, Lubomir"]
[Black "Horvath, Csaba"]
[Result "1/2-1/2"]
[WhiteElo "2516"]
[BlackElo "2514"]
[Annotator "ChessBase"]
[PlyCount "48"]
[EventDate "2019.10.19"]
[EventType "team-tourn"]
[EventCountry "SVK"]
[SourceTitle "playchess.com"]
[Source "ChessBase"]
[SourceQuality "1"]
[WhiteTeam "Slovan"]
[BlackTeam "Podhajska"]
[TimeControl "40/5400+30:1800+30"]

1. Nf3 {[%emt 0:00:00]} Nf6 {[%emt 0:00:49]} 2. c4 {[%emt 0:00:00]} b6 {[%emt 0:00:19]} 3. g3 {[%emt 0:00:15]} Bb7 {[%emt 0:00:07]} 4. Bg2 {[%emt 0:00:08]} g6 {[%emt 0:01:04]} 5. b3 {[%emt 0:07:17]} c5 {[%emt 0:03:32]} 6. Bb2 {[%emt 0:00:53]} Bg7 {[%emt 0:00:05]} 7. O-O {[%emt 0:00:09]} O-O {[%emt 0:00:10]} 8. Nc3 {[%emt 0:02:26]} d5 {[%emt 0:02:25]} 9. Nxd5 {[%emt 0:01:02]} Nxd5 {[%emt 0:00:08]} 10. Bxg7 {[%emt 0:00:09]} Kxg7 {[%emt 0:00:08]} 11. cxd5 {[%emt 0:00:10]} Qxd5 {[%emt 0:00:13]} 12. d4 {[%emt 0:01:39]} Na6 {[%emt 0:03:00]} 13. Nh4 {[%emt 0:12:59]} Qd7 {[%emt 0:00:25]} 14. dxc5 {[%emt 0:00:04]} Qxd1 {[%emt 0:00:46]} 15. Rfxd1 {[%emt 0:00:31]} Bxg2 {[%emt 0:00:23]} 16. Kxg2 {[%emt 0:03:01]} Nxc5 {[%emt 0:00:28]} 17. b4 {[%emt 0:00:47]} Na6 {[%emt 0:10:55]} 18. a3 {[%emt 0:01:47]} Rfd8 {[%emt 0:05:49]} 19. Nf3 {[%emt 0:01:25]} Rac8 {[%emt 0:07:05]} 20. Ne5 {[%emt 0:23:24]} Rxd1 {[%emt 0:22:48]} 21. Rxd1 {[%emt 0:00:10]} f6 {[%emt 0:01:04]} 22. Nf3 {[%emt 0:06:30]} Kf7 {[%emt 0:00:39]} 23. Rd3 {[%emt 0:09:54]} Nb8 {[%emt 0:04:58]} 24. Nd4 {[%emt 0:05:26]} a6 {[%emt 0:04:12]} 1/2-1/2

[Event "SVK Extraliga 2019-20"]
[Site "Slovakia"]
[Date "2020.01.18"]
[Round "5.3"]
[White "Leniart, Arkadiusz"]
[Black "Nayhebaver, Martin"]
[Result "1/2-1/2"]
[WhiteElo "2505"]
[BlackElo "2473"]
[Annotator "TA"]
[PlyCount "51"]
[EventDate "2019.10.19"]
[EventType "team-tourn"]
[EventCountry "SVK"]
[SourceTitle "playchess.com"]
[Source "ChessBase"]
[SourceQuality "1"]
[WhiteTeam "Prakovce"]
[BlackTeam "Košice"]

{[%evp 16,51,22,18,41,18,26,10,7,0,0,0,0,-1,0,-2,0,-3,17,22,29,0,0,0,0,0,0,-3,0,0,0,0,0,0,0,0,6,-10]} 1. d4 Nf6 2. c4 e6 3. Nc3 Bb4 4. Qc2 c5 5. dxc5 O-O 6. a3 Bxc5 7. Nf3 b6 8. Bf4 Bb7 9. Rd1 Nh5 {E39: Nimzo-Indian: Classical: 4...c5 5 dxc5 0-0} (9... Nc6 10. e3 Rc8 11. Be2 Be7 12. O-O Na5 13. Nb5 Bxf3 14. gxf3 Nh5 15. Bd6 Nc6 16. f4 Nf6 17. Bf3 a6 18. Bxe7 Qxe7 {1-0 (34) Bok,B (2645)-Tiviakov,S (2608) Amsterdam 2019}) 10. Bg5 (10. Bg3 {with more complications.} f5 11. e3 g5 12. b4 Be7 13. Nb5) 10... Be7 11. Bxe7 Qxe7 12. Nb5 Na6 13. Nd6 Bc6 14. b4 $146 ({Predecessor:} 14. Ne5 f5 15. Nxc6 dxc6 16. e4 fxe4 17. Nxe4 {½-½ (39) Muhl,P (2007)-Ermolaev,A (2088) LSS email 2008}) 14... Nc7 15. Ne5 Rad8 16. e3 Nf6 (16... Ne8 $5 {[%cal Re8d6]} 17. Nb5 (17. Nxc6 dxc6 18. Nxe8 Rfxe8 $11) 17... Bxb5 18. cxb5 f6 $11) 17. c5 Nce8 18. Nxe8 Rfxe8 {The position is equal.} 19. cxb6 axb6 20. Nxc6 dxc6 21. Bd3 Ra8 22. Qb3 c5 23. O-O cxb4 24. axb4 Rec8 25. Be2 Rc7 26. Rc1 {Accuracy: White = 71%, Black = 74%.} 1/2-1/2

[Event "SVK Extraliga 2019-20"]
[Site "Slovakia"]
[Date "2020.01.18"]
[Round "5.3"]
[White "Ponizil, Cyril"]
[Black "Bernasek, Jan"]
[Result "1/2-1/2"]
[WhiteElo "2502"]
[BlackElo "2495"]
[Annotator "ChessBase"]
[PlyCount "81"]
[EventDate "2019.10.19"]
[EventType "team-tourn"]
[EventCountry "SVK"]
[SourceTitle "playchess.com"]
[Source "ChessBase"]
[SourceQuality "1"]
[WhiteTeam "Dubnica"]
[BlackTeam "Zilina"]
[TimeControl "40/5400+30:1800+30"]

1. e4 {[%emt 0:00:00]} g6 {[%emt 0:00:00]} 2. d4 {[%emt 0:00:00]} Bg7 {[%emt 0:00:00]} 3. Nf3 {[%emt 0:00:39]} d6 {[%emt 0:00:36]} 4. Bc4 {[%emt 0:00:11]} e6 {[%emt 0:02:39]} 5. O-O {[%emt 0:00:19]} Ne7 {[%emt 0:00:36]} 6. Re1 {[%emt 0:00:11]} O-O {[%emt 0:01:10]} 7. h3 {[%emt 0:00:59]} b6 {[%emt 0:03:30]} 8. a4 {[%emt 0:01:28]} Bb7 {[%emt 0:05:37]} 9. Nc3 {[%emt 0:00:41]} a6 {[%emt 0:03:06]} 10. Bf4 {[%emt 0:02:36]} Nd7 {[%emt 0:05:32]} 11. Qc1 {[%emt 0:02:13]} d5 {[%emt 0:07:45]} 12. exd5 {[%emt 0:00:29]} exd5 {[%emt 0:01:55]} 13. Bd3 {[%emt 0:00:24]} c5 {[%emt 0:10:48]} 14. Bh6 {[%emt 0:08:06]} Re8 {[%emt 0:11:57]} 15. Bxg7 {[%emt 0:01:53]} Kxg7 {[%emt 0:00:09]} 16. Qf4 {[%emt 0:06:16]} Qb8 {[%emt 0:04:00]} 17. Qd2 {[%emt 0:03:15]} Nf6 {[%emt 0:02:38]} 18. Bf1 {[%emt 0:11:53]} Nf5 {[%emt 0:05:59]} 19. Rxe8 {[%emt 0:01:11]} Qxe8 {[%emt 0:00:14]} 20. Re1 {[%emt 0:00:56]} Qf8 {[%emt 0:04:55]} 21. Qf4 {[%emt 0:04:27]} Rc8 {[%emt 0:08:16]} 22. g4 {[%emt 0:08:39]} Qd6 {[%emt 0:02:45]} 23. Ne2 {[%emt 0:05:11]} Qxf4 {[%emt 0:02:40]} 24. Nxf4 {[%emt 0:00:02]} Nd6 {[%emt 0:00:38]} 25. Re3 {[%emt 0:09:51]} Rc7 {[%emt 0:08:27]} 26. Rb3 {[%emt 0:05:34]} Nc4 {[%emt 0:00:39]} 27. dxc5 {[%emt 0:08:49]} bxc5 {[%emt 0:00:16]} 28. Bxc4 {[%emt 0:11:23]} dxc4 {[%emt 0:00:03]} 29. Re3 {[%emt 0:00:03]} Rd7 {[%emt 0:00:38]} 30. Ne1 {[%emt 0:03:41]} Rd2 {[%emt 0:02:55]} 31. Re7 {[%emt 0:00:25]} Bd5 {[%emt 0:01:43]} 32. Rc7 {[%emt 0:02:08]} Rd1 {[%emt 0:03:11]} 33. Kf1 {[%emt 0:00:05]} c3 {[%emt 0:00:13]} 34. bxc3 {[%emt 0:01:27]} Bc4+ {[%emt 0:00:08]} 35. Nfd3 {[%emt 0:00:03]} Ne4 {[%emt 0:00:07]} 36. f3 {[%emt 0:01:03]} Nxc3 {[%emt 0:01:21]} 37. Rxc5 {[%emt 0:00:05]} Bxd3+ {[%emt 0:00:22]} 38. cxd3 {[%emt 0:00:04]} Nxa4 {[%emt 0:00:09]} 39. Ra5 {[%emt 0:01:11]} Nc3 {[%emt 0:00:45]} 40. Rxa6 {[%emt 0:00:59]} Rd2 {[%emt 0:00:50]} 41. Ra3 {[%emt 0:02:40]} 1/2-1/2

[Event "SVK Extraliga 2019-20"]
[Site "Slovakia"]
[Date "2020.01.18"]
[Round "5.3"]
[White "Vykouk, Jan"]
[Black "Pniaczek, Marek"]
[Result "1-0"]
[WhiteElo "2434"]
[BlackElo "2145"]
[Annotator "ChessBase"]
[PlyCount "83"]
[EventDate "2019.10.19"]
[EventType "team-tourn"]
[EventCountry "SVK"]
[SourceTitle "playchess.com"]
[Source "ChessBase"]
[SourceQuality "1"]
[WhiteTeam "Modra"]
[BlackTeam "Dunajov"]
[WhiteTeamCountry "CZE"]
[BlackTeamCountry "POL"]
[TimeControl "40/5400+30:1800+30"]

1. e4 {[%emt 0:00:00]} e5 {[%emt 0:00:00]} 2. Nf3 {[%emt 0:00:00]} Nc6 {[%emt 0:00:00]} 3. Bb5 {[%emt 0:00:16]} a6 {[%emt 0:00:00]} 4. Ba4 {[%emt 0:00:04]} Nf6 {[%emt 0:00:00]} 5. d3 {[%emt 0:00:27]} b5 {[%emt 0:00:22]} 6. Bb3 {[%emt 0:00:06]} Bc5 {[%emt 0:00:45]} 7. O-O {[%emt 0:00:28]} d6 {[%emt 0:01:27]} 8. c3 {[%emt 0:01:35]} O-O {[%emt 0:01:47]} 9. a4 {[%emt 0:00:24]} Rb8 {[%emt 0:04:28]} 10. axb5 {[%emt 0:01:53]} axb5 {[%emt 0:00:12]} 11. Nbd2 {[%emt 0:00:55]} Bb6 {[%emt 0:03:43]} 12. Re1 {[%emt 0:00:22]} Ne7 {[%emt 0:00:52]} 13. Nf1 {[%emt 0:00:35]} Ng6 {[%emt 0:00:26]} 14. Ng3 {[%emt 0:03:05]} Re8 {[%emt 0:07:43]} 15. h3 {[%emt 0:01:27]} h6 {[%emt 0:01:16]} 16. d4 {[%emt 0:02:28]} Bb7 {[%emt 0:09:49]} 17. Bc2 {[%emt 0:10:58]} Nf4 {[%emt 0:13:07]} 18. Be3 {[%emt 0:02:21]} Ng6 {[%emt 0:07:44]} 19. dxe5 {[%emt 0:04:32]} dxe5 {[%emt 0:01:40]} 20. Bxb6 {[%emt 0:00:06]} cxb6 {[%emt 0:00:21]} 21. Nf5 {[%emt 0:00:08]} Qc7 {[%emt 0:01:59]} 22. Qd6 {[%emt 0:00:28]} Qc6 {[%emt 0:07:34]} 23. Rad1 {[%emt 0:03:39]} Rbd8 {[%emt 0:04:37]} 24. Qxd8 {[%emt 0:09:10]} Rxd8 {[%emt 0:00:04]} 25. Rxd8+ {[%emt 0:00:05]} Kh7 {[%emt 0:00:02]} 26. Rdd1 {[%emt 0:00:26]} Bc8 {[%emt 0:06:13]} 27. Bb3 {[%emt 0:13:49]} Bxf5 {[%emt 0:05:26]} 28. exf5 {[%emt 0:00:08]} Nf4 {[%emt 0:00:10]} 29. Bxf7 {[%emt 0:01:12]} Qb7 {[%emt 0:04:09]} 30. Bg6+ {[%emt 0:00:55]} Nxg6 {[%emt 0:00:05]} 31. fxg6+ {[%emt 0:00:04]} Kxg6 {[%emt 0:00:03]} 32. Rxe5 {[%emt 0:00:26]} b4 {[%emt 0:02:58]} 33. cxb4 {[%emt 0:00:08]} Qc7 {[%emt 0:01:15]} 34. Rde1 {[%emt 0:00:59]} Qc4 {[%emt 0:00:27]} 35. b5 {[%emt 0:02:22]} Qb3 {[%emt 0:00:25]} 36. Nh4+ {[%emt 0:03:29]} Kh7 {[%emt 0:00:06]} 37. Nf5 {[%emt 0:00:31]} Qxb2 {[%emt 0:00:51]} 38. Re7 {[%emt 0:01:33]} Nh5 {[%emt 0:00:07]} 39. g4 {[%emt 0:02:45]} Qxb5 {[%emt 0:00:56]} 40. R7e5 {[%emt 0:00:16]} Qd3 {[%emt 0:01:34]} 41. gxh5 {[%emt 0:30:06]} Qxh3 {[%emt 0:30:04]} 42. Ng3 {[%emt 0:00:13]} 1-0

[Event "SVK Extraliga 2019-20"]
[Site "Slovakia"]
[Date "2020.01.18"]
[Round "5.3"]
[White "Haring, Filip"]
[Black "Kriebel, Tadeas"]
[Result "0-1"]
[WhiteElo "2307"]
[BlackElo "2517"]
[Annotator "TA"]
[PlyCount "142"]
[EventDate "2019.10.19"]
[EventType "team-tourn"]
[EventCountry "SVK"]
[SourceTitle "playchess.com"]
[Source "ChessBase"]
[SourceQuality "1"]
[WhiteTeam "Liptovska"]
[BlackTeam "Snina"]

{[%evp 17,143,0,0,0,0,0,11,14,18,20,22,16,29,0,0,0,0,-11,0,-16,-10,-16,-15,-15,-11,-20,-15,-14,-14,-18,-19,-25,0,-33,-33,-33,-30,-34,-31,-33,-13,-31,0,-5,0,0,0,0,0,-24,-25,-33,-32,-35,0,0,0,-35,-35,-35,-35,-35,-35,-35,-35,-35,-35,-35,-35,-53,-53,-53,-35,-56,-52,-53,-59,-71,-71,-71,-71,-71,-50,-51,-51,-51,-45,-104,-58,-141,-135,-133,-129,-143,-141,-141,-133,-157,-103,-104,-107,-117,-110,-110,-111,-99,-96,-133,-133,-191,-191,-223,-227,-12843,-12843,-12844,-12844,-12845,-12846,-12846,-12847,-29996,-29997,-29997,-29998,-29998,-29999,-29999]} 1. e4 e5 2. Nf3 Nc6 3. Nc3 Nf6 4. d4 exd4 5. Nxd4 Bb4 6. Nxc6 bxc6 7. Bd3 d5 8. exd5 cxd5 9. O-O O-O 10. h3 {C47: Scotch Four Knights and Four Knights with 4 g3} (10. Bg5 c6 11. Qf3 Bd6 12. Rae1 Rb8 13. Nd1 h6 14. Bxf6 Qxf6 15. Qxf6 gxf6 16. b3 f5 17. Ne3 f4 18. Nf5 Bxf5 19. Bxf5 Kg7 20. g3 Kf6 21. Bd3 {½-½ (30) Movsesian,S (2654)-Ding,L (2811) Khanty-Mansiysk 2019}) 10... Be6 11. Qf3 c5 12. Rd1 {The position is equal.} Qe7 13. Bg5 $146 ({Predecessor:} 13. Bf1 h6 14. Bf4 Rad8 15. Nb5 Ba5 16. c3 Bb6 17. Bd3 a6 {0-1 (60) Lugovskoy,M (2445)-Manish,K (1953) Bhubaneswar 2019}) 13... Bxc3 14. bxc3 h6 15. Be3 (15. Bxf6 $5 Qxf6 16. Qxf6 gxf6 17. Be2 $11) 15... c4 16. Bf1 Ne4 17. Bd4 Qc7 18. Qe3 Rfe8 19. Re1 Bd7 20. Qc1 Re6 21. f3 Ng3 22. Rxe6 Bxe6 23. Qe1 Nxf1 24. Kxf1 Bf5 25. Qe5 Qxe5 26. Bxe5 Bxc2 $15 {[%mdl 4096] Endgame KRB-KRB} 27. Re1 a6 28. Kf2 Bd3 29. g4 Ra7 30. Bd6 Rd7 31. Bb4 d4 32. cxd4 Rxd4 33. Bc3 Rd8 34. Re7 Bb1 35. a3 Rd6 36. Rc7 Ba2 37. Re7 Bb3 38. Re8+ Kh7 39. Re7 Rd3 40. Re3 Rd7 41. h4 f6 42. Re1 {[#]} h5 $1 {[%mdl 512]} 43. Re3 (43. gxh5 Kh6) 43... Kg6 44. Re4 Rd5 45. Re7 Bd1 46. gxh5+ Rxh5 47. Rc7 Rf5 48. Rxc4 Rxf3+ 49. Kg2 Rd3 50. Rc7 Kh5 51. Bb4 g6 52. Be7 (52. Rc3 $15 Rd4 53. Be7) 52... f5 53. Rc4 (53. Ra7 $15) 53... Re3 54. Bc5 Rb3 55. Be7 Bf3+ 56. Kf2 Be4 57. Ra4 Bd3 (57... Kg4 $142 58. Bg5 Rf3+ 59. Ke1 Kg3) 58. Rd4 $17 Bb5 59. Bb4 Rh3 60. Be7 Bc6 61. Rd6 Rc3 62. Rd4 Be4 63. Ra4 (63. a4 $17) 63... Kg4 $19 64. Rxa6 {[#]} f4 $1 {Threatens to win with ...Rc2+.} 65. Bg5 $2 (65. Ra4 Rc2+ 66. Ke1) 65... Rc2+ 66. Ke1 f3 67. Ra4 f2+ 68. Kf1 Kf3 {[%cal Re4d3]} 69. Rd4 Ra2 {Black mates.} 70. Bc1 {[#]} Ra1 $1 {[%mdl 512]} 71. Rd1 {[#]} Bf5 {Played: Ra1xc1} 0-1

[Event "SVK Extraliga 2019-20"]
[Site "Slovakia"]
[Date "2020.01.18"]
[Round "5.3"]
[White "Vrtiakova, Anna"]
[Black "Rigo, Zsolt"]
[Result "0-1"]
[WhiteElo "1995"]
[BlackElo "2401"]
[Annotator "ChessBase"]
[PlyCount "54"]
[EventDate "2019.10.19"]
[EventType "team-tourn"]
[EventCountry "SVK"]
[SourceTitle "playchess.com"]
[Source "ChessBase"]
[SourceQuality "1"]
[WhiteTeam "Bratislava"]
[BlackTeam "Streda"]
[TimeControl "40/5400+30:1800+30"]

1. e4 {[%emt 0:00:00]} c5 {[%emt 0:00:03]} 2. Nf3 {[%emt 0:00:00]} e6 {[%emt 0:01:10]} 3. d4 {[%emt 0:00:13]} cxd4 {[%emt 0:00:07]} 4. Nxd4 {[%emt 0:00:07]} a6 {[%emt 0:00:09]} 5. Nc3 {[%emt 0:10:14]} Qc7 {[%emt 0:01:54]} 6. a3 {[%emt 0:01:12]} Nf6 {[%emt 0:00:48]} 7. Bd3 {[%emt 0:02:40]} Bc5 {[%emt 0:03:35]} 8. Nb3 {[%emt 0:00:55]} Be7 {[%emt 0:01:59]} 9. f4 {[%emt 0:03:24]} d6 {[%emt 0:01:25]} 10. Be3 {[%emt 0:03:39]} b5 {[%emt 0:03:17]} 11. O-O {[%emt 0:12:54]} Bb7 {[%emt 0:04:47]} 12. Qe2 {[%emt 0:07:35]} Nbd7 {[%emt 0:07:31]} 13. Rae1 {[%emt 0:04:01]} Rc8 {[%emt 0:01:19]} 14. Bd2 {[%emt 0:04:45]} e5 {[%emt 0:09:55]} 15. Nd1 {[%emt 0:04:05]} O-O {[%emt 0:10:11]} 16. h3 {[%emt 0:03:26]} Rfe8 {[%emt 0:00:37]} 17. Qf2 {[%emt 0:01:39]} d5 {[%emt 0:05:46]} 18. fxe5 {[%emt 0:07:35]} Nxe5 {[%emt 0:00:34]} 19. Nc3 {[%emt 0:03:19]} dxe4 {[%emt 0:05:17]} 20. Nxe4 {[%emt 0:14:00]} Nxd3 {[%emt 0:00:33]} 21. cxd3 {[%emt 0:00:10]} Bd5 {[%emt 0:02:52]} 22. Nd4 {[%emt 0:01:46]} Nxe4 {[%emt 0:02:45]} 23. Rxe4 {[%emt 0:03:19]} Bxe4 {[%emt 0:04:52]} 24. Qxf7+ {[%emt 0:00:20]} Kh8 {[%emt 0:00:02]} 25. dxe4 {[%emt 0:01:18]} Bc5 {[%emt 0:00:23]} 26. Bc3 {[%emt 0:06:39]} Qxf7 {[%emt 0:01:37]} 27. Rxf7 {[%emt 0:00:04]} Rcd8 {[%emt 0:00:21]} 0-1